| 000 | 00603cam a22002291 4500 | ||
|---|---|---|---|
| 001 | ne 63000123 | ||
| 003 | DLC | ||
| 005 | 20260227111740.0 | ||
| 008 | 890420s1960 xx a 000 0 ara | ||
| 010 | _ane 63000123 | ||
| 035 | _a(OCoLC)23487364 | ||
| 040 |
_aDLC _cMiU _dDLC |
||
| 042 | _apremarc | ||
| 043 | _af-ua--- | ||
| 050 | 0 | 0 |
_aHC535 _b.A56 |
| 110 | 1 |
_aEgypt. _bWizārat al-Iqtiṣād wa-al-Tijārah. |
|
| 245 | 1 | 0 | _aTaqaddumunā al-iqtiṣādī. |
| 260 | _c[1960?] | ||
| 300 |
_a186 p. _billus. _c20 cm. |
||
| 500 | _aRomanized. | ||
| 651 | 0 |
_aUnited Arab Republic _xEconomic conditions. |
|
| 999 |
_c45445 _d45445 |
||